000 00418 a2200169 4500
001 192318
020 _a978-85-249-1343-3
040 _cMagnum
100 _aSantos, Fábio Cardoso Dos
240 1 0 _aHistórias que a menina-serpente contou
_lpor
245 1 0 _aHistórias que a menina-serpente contou
300 _a27
362 0 _a2007
440 1 _aCortez
697 _aLITERATURA INFANTO-JUVENIL
942 _cBK
999 _c192318
_d192318